Kant und das Problem der Metaphysik /

Bibliographic Details
Main Author: Heidegger, Martin, 1889-1976
Format: Book
Language:German
Published: Frankfurt am Main : V. Klostermann, 1951.
Edition:2. unveränderte Aufl.
Subjects:

MARC

Tag First Indicator Second Indicator Subfields
LEADER 00000cam a2200000Ii 4500
001 in00000071641
005 20151008062326.0
008 790329s1951 gw 000 0 ger d
035 |a (OCoLC)ocm04794868 
035 |a (OCoLC)4794868 
040 |a EEA  |b eng  |c EEA  |d OCL  |d UBA  |d OCLCQ  |d NLGGC  |d OCLCG  |d CUY  |d OCLCG  |d GBVCP  |d HEBIS  |d DEBBG  |d OCLCQ  |d P4I  |d UtOrBLW 
049 |a TXAM 
050 4 |a B2798  |b .H35 1951 
082 0 4 |a 193.2 
084 |a 08.31  |2 bcl 
084 |a BF 5880  |2 rvk 
084 |a CI 2604  |2 rvk 
084 |a 08.24  |2 bcl 
084 |a 08.25  |2 bcl 
090 |a B2799.M5  |b H4 1951 
100 1 |a Heidegger, Martin,  |d 1889-1976. 
245 1 0 |a Kant und das Problem der Metaphysik /  |c Martin Heidegger. 
250 |a 2. unveränderte Aufl. 
264 1 |a Frankfurt am Main :  |b V. Klostermann,  |c 1951. 
300 |a 222 pages ;  |c 22 cm. 
336 |a text  |b txt  |2 rdacontent 
337 |a unmediated  |b n  |2 rdamedia 
338 |a volume  |b nc  |2 rdacarrier 
504 |a Includes bibliographical references. 
600 1 0 |a Kant, Immanuel,  |d 1724-1804. 
650 0 |a Metaphysics. 
600 1 1 |a Kant  |b Immanuel  |x Metaphysik. 
650 0 4 |a Kant, Immanuel. 
650 0 4 |a Metafysica. 
650 1 7 |a Metafysica.  |2 gtt 
650 7 |a Kant, Immanuel.  |2 larpcal 
600 1 7 |a Kant, Immanuel.  |2 swd 
650 0 7 |a Metaphysik.  |2 swd 
776 0 8 |i Online version:  |a Heidegger, Martin, 1889-1976.  |t Kant und das Problem der Metaphysik.  |b 2. unveränderte Aufl.  |d Frankfurt am Main : V. Klostermann, 1951  |w (OCoLC)555435904 
994 |a C0  |b TXA 
999 |a MARS 
999 f f |s 470177c6-4d71-3c04-9469-2a9c09738d1f  |i 346a5456-d20e-3b58-bde2-450d2fa78a2a  |t 0 
952 f f |p ric  |a Texas A&M University  |b Rellis Campus  |c Joint Library Facility  |d Remote Storage  |t 0  |e B2799.M5 H4 1951  |h Library of Congress classification  |i unmediated -- volume  |m A14806082803 
998 f f |a B2799.M5 H4 1951  |t 0  |l Remote Storage